| 000 | 00430nam a2200169Ia 4500 | ||
|---|---|---|---|
| 005 | 20240823044106.0 | ||
| 008 | 240823s9999||||xx |||||||||||||| ||und|| | ||
| 041 | _aENGLISH | ||
| 082 | _A420 P4 | ||
| 100 | _aRamesh Babu V | ||
| 245 | 0 | _aEngineering Practices Laboratory | |
| 250 | _a1st | ||
| 260 |
_c2004 _bVRB Publishers Pv _aChennai |
||
| 500 | _aTRANSFERED | ||
| 650 |
_aEngineering Practices _bMechanical |
||
| 942 | _cBK | ||
| 999 |
_c211756 _d211756 |
||